Rene Gonzalez Architects (Record no. 13815)

MARC details
000 -CABECERA
campo de control de longitud fija 01007nam a22002657a 4500
003 - IDENTIFICADOR DEL NÚMERO DE CONTROL
campo de control OSt
005 - FECHA Y HORA DE LA ÚLTIMA TRANSACCIÓN
campo de control 20260530115322.0
008 - DATOS DE LONGITUD FIJA--INFORMACIÓN GENERAL
campo de control de longitud fija 260520b |||||||| |||| 00| 0 eng d
020 ## - NÚMERO INTERNACIONAL ESTÁNDAR DEL LIBRO
Número Internacional Estándar del Libro 9786078880065
040 ## - FUENTE DE LA CATALOGACIÓN
Centro catalogador/agencia de origen ICI
Lengua de catalogación spa
Centro/agencia transcriptor ICI
041 ## - CÓDIGO DE LENGUA
Código de lengua del texto/banda sonora o título independiente spa
050 ## - SIGNATURA TOPOGRÁFICA DE LA BIBLIOTECA DEL CONGRESO
Número de clasificación NA737.G66
Número de documento/Ítem A4 2023
100 #1 - ENTRADA PRINCIPAL--NOMBRE DE PERSONA
Nombre de persona González, René,
Fechas asociadas al nombre 1963
Término indicativo de función/relación arquitecto
9 (RLIN) 34537
245 ## - MENCIÓN DE TÍTULO
Título Rene Gonzalez Architects
Resto del título not the little house on the prairie = (No) la pequeña casa en la pradera /
260 ## - PUBLICACIÓN, DISTRIBUCIÓN, ETC.
Lugar de publicación, distribución, etc. Ciudad de México :
Nombre del editor, distribuidor, etc. Arquine,
Fecha de publicación, distribución, etc. 2023
300 ## - DESCRIPCIÓN FÍSICA
Extensión 111 páginas :
Otras características físicas ilustraciones, fotografías a color
546 ## - NOTA DE LENGUA/LENGUAJE
Nota de lengua/lenguaje Texto en español e inglés
650 ## - PUNTO DE ACCESO ADICIONAL DE MATERIA--TÉRMINO DE MATERIA
Término de materia o nombre geográfico como elemento de entrada Firmas arquitectónicas
Subdivisión de forma Catálogos
Subdivisión geográfica Florida
9 (RLIN) 34538
650 ## - PUNTO DE ACCESO ADICIONAL DE MATERIA--TÉRMINO DE MATERIA
Término de materia o nombre geográfico como elemento de entrada Arquitectura
Subdivisión de forma Diseños y planos
Subdivisión general Historia
Subdivisión cronológica Siglo XXI
Subdivisión geográfica Florida
9 (RLIN) 34539
700 ## - PUNTO DE ACCESO ADICIONAL--NOMBRE DE PERSONA
Nombre de persona Hernández Nichols, Cecilia,
Término indicativo de función/relación autor
9 (RLIN) 34540
700 ## - PUNTO DE ACCESO ADICIONAL--NOMBRE DE PERSONA
Nombre de persona Renfro, Charles,
Término indicativo de función/relación autor
9 (RLIN) 34541
700 ## - PUNTO DE ACCESO ADICIONAL--NOMBRE DE PERSONA
Nombre de persona Stavaridis, Michael
Término indicativo de función/relación fotógrafo
9 (RLIN) 34542
700 ## - PUNTO DE ACCESO ADICIONAL--NOMBRE DE PERSONA
Nombre de persona Hernandez Galvez, Alejandro
Término indicativo de función/relación traductor
942 ## - ELEMENTOS DE PUNTO DE ACCESO ADICIONAL (KOHA)
Fuente del sistema de clasificación o colocación Library of Congress Classification
Tipo de ítem Koha
Suprimir en OPAC 1

No items available.